Las 22 consolas más vendidas de la historia - Estadísticas

Estadísticas generales
  • Esta prueba ha sido intentada 70 veces
  • La puntuación promedio es 14 de 22
Estadísticas de respuestas
Ventas Puesto (#) Consola % Correcto
≈ 102,4 mill. 6. Playstation
97%
160 mill. 1. Playstation 2
92%
117,2 mill. 5. Playstation 4
92%
≈ 87.4 mill. 8. Playstation 3
91%
≈ 24 mill. 21. Xbox
91%
77,8 mill. 12. Playstation 5
88%
152,12 mill. 3. Nintendo Switch
84%
101,63 mill. 7. Wii
83%
118,69 mill. 4. Game Boy
77%
≈ 86 mill. 9. Xbox 360
75%
154,02 mill. 2. Nintendo DS
72%
≈ 80 mill. 11. Playstation Portable
67%
≈ 58 mill. 15. Xbox One
67%
75,94 mill. 13. Nintendo 3DS
48%
21,74 mill. 22. Nintendo GameCube
47%
32,93 mill. 18. Nintendo 64
44%
61,91 mill. 14. Nintendo Entertainment System
44%
81,51 mill. 10. Game Boy Advance
42%
49,10 mill. 16. Super Nintendo
36%
≈ 30 mill. 20. Xbox Series X/S
28%
≈ 39,5 mill. 17. Mega Drive
22%
≈ 30 mill. 19. Atari 2600
14%
No se encontraron pruebas coincidentes
Distribución de puntuación
Porcentaje de gente con cada puntuación
Porcentaje por número respondido
Historial de tus puntuaciones
No has intentado esta prueba.